UITU Library & LRC     

2D Spray Painting Robot (Record no. 33174)

MARC details
000 -LEADER
fixed length control field 00458nam a2200133Ia 4500
008 - FIXED-LENGTH DATA ELEMENTS--GENERAL INFORMATION
fixed length control field 260210s9999 xx 000 0 und d
024 ## - OTHER STANDARD IDENTIFIER
Standard number or code 12B-32-EL, 12B-170-EL, 12B-206-EL & 12B-173-EL
082 ## - DEWEY DECIMAL CLASSIFICATION NUMBER
Classification number 629.892072 MUH
100 ## - MAIN ENTRY--PERSONAL NAME
Personal name Muhammad Junaid, M. Shahzad Aziz, Farhan Ali & Ahsan Ahmed Jumani
245 #0 - TITLE STATEMENT
Title 2D Spray Painting Robot
260 ## - PUBLICATION, DISTRIBUTION, ETC.
Place of publication, distribution, etc. Karachi:
Name of publisher, distributor, etc. UITU,
Date of publication, distribution, etc. 2012
600 ## - SUBJECT ADDED ENTRY--PERSONAL NAME
Personal name Electronic Engineering
650 ## - SUBJECT ADDED ENTRY--TOPICAL TERM
Topical term or geographic name entry element Bachelor of Engineering (BE)

No items available.

Powered by Koha